The art of war (DNT) / (Record no. 197884)

000 -LEADER
fixed length control field 00903 a2200169 4500
003 - CONTROL NUMBER IDENTIFIER
control field NUST
005 - DATE AND TIME OF LATEST TRANSACTION
control field 20221227130754.0
040 ## - CATALOGING SOURCE
Transcribing agency Nust
082 ## - DEWEY DECIMAL CLASSIFICATION NUMBER
Classification number 355.02,TZU
100 ## - MAIN ENTRY--PERSONAL NAME
Personal name Tzu , Sun
9 (RLIN) 90541
245 ## - TITLE STATEMENT
Title The art of war (DNT) /
Statement of responsibility, etc. Sun Tzu,
Medium Translation By Ralph D. Sawayer
260 ## - PUBLICATION, DISTRIBUTION, ETC.
Place of publication, distribution, etc. Services Book Club
Name of publisher, distributor, etc. Rawalpindi
Date of publication, distribution, etc. 2011
300 ## - PHYSICAL DESCRIPTION
Extent 375 p.;
505 ## - FORMATTED CONTENTS NOTE
Formatted contents note A Note on the Translation and Pronunciation (Page-21), Chronology of Approximate (Page-25), Introduction (Page-77), Initial Estimation (Page-165), Waging War (Page-171), Military Disposition (Page-181), Strategic Military Power (Page-185), Vacuity and Substance (Page-189), Military Combat (Page-195), Nine Changes (Page-201), Maneuvering the Army (Page-205), Configuration of Terrain (Page-211), Employing Spies (Page-229), Tomb Text and Lost Writings (Page-235).
650 ## - SUBJECT ADDED ENTRY--TOPICAL TERM
Topical term or geographic name entry element The art of war
9 (RLIN) 106051
942 ## - ADDED ENTRY ELEMENTS (KOHA)
Source of classification or shelving scheme
Koha item type Book
Call number prefix 355.02,TZU
Holdings
Withdrawn status Lost status Source of classification or shelving scheme Damaged status Not for loan Collection code Permanent Location Current Location Date acquired Total Checkouts Full call number Barcode Date last seen Price effective from Koha item type Shelving location Date last checked out Public note
            Military College of Signals (MCS) Military College of Signals (MCS) 12/12/2016   355.02 TZU MCS36808 12/08/2016 12/12/2016 Book      
            Military College of Signals (MCS) Military College of Signals (MCS) 12/12/2016 4 355.02,TZU MCS37366 07/08/2024 12/12/2016 Book General Stacks 06/07/2024 Almirah No.52, Shelf No.4
© 2023 Central Library, National University of Sciences and Technology. All Rights Reserved.